书目信息 |
| 题名: |
新简明汉英纺织染服装小词典
|
|
| 作者: | 秦世福 修编 | |
| 分册: | ||
| 出版信息: | 上海 东华大学出版社 2005 |
|
| 页数: | 29,246页 | |
| 开本: | 19cm | |
| 丛书名: | ||
| 单 册: | ||
| 中图分类: | TS1-61 , TS941-61 | |
| 科图分类: | ||
| 主题词: | 纺织--汉语--英语--词典 , 染整--汉语--英语--词典 , 服装--汉语--英语--词典 , 纺织 , 染整 , 服装 | |
| 电子资源: | ||
| ISBN: | 7-81038-669-7 | |
| 000 | 01154nam0 2200337 450 | |
| 001 | 002854178 | |
| 005 | 20070807163844.50 | |
| 010 | @a7-81038-669-7@dCNY20.00 | |
| 035 | @a002854178 | |
| 100 | @a20050331d2005 em y0chiy0110 ea | |
| 101 | 0 | @achi@aeng |
| 102 | @aCN@b310000 | |
| 105 | @ay e 000yy | |
| 106 | @ar | |
| 200 | 1 | @a新简明汉英纺织染服装小词典@Axin jian ming han ying fang zhi ran fu zhuang xiao ci dian@f秦世福修编@Fqin shi fu xiu bian |
| 205 | @a修订本 | |
| 210 | @a上海@c东华大学出版社@d2005 | |
| 215 | @a29,246页@d19cm | |
| 330 | @a本词典原收录词条约10000条,修订后又增加了约6500词语,主要涉及棉、毛、丝、蔴、绢、化纤、纺织、丝织、机织、针织、机械、印染、缝纫、裁剪、服装等有关工艺、设备、原料、产品和测试方面的词语。 | |
| 510 | 1 | @aA New Concise Chinese-English Textile Dictionary@zeng |
| 606 | 0 | @a纺织@x汉语@x英语@j词典 |
| 606 | 0 | @a染整@x汉语@x英语@j词典 |
| 606 | 0 | @a服装@x汉语@x英语@j词典 |
| 606 | 0 | @a纺织 |
| 606 | 0 | @a染整 |
| 606 | 0 | @a服装 |
| 690 | @aTS1-61@v4 | |
| 690 | @aTS941-61@v4 | |
| 701 | 0 | @a秦世福@Aqin shi fu@f(1941.9~)@4修编 |
| 801 | 0 | @aCN@bNLC@c20070807 |
| 905 | @dTS1-61@e10=2@f5 | |
| 新简明汉英纺织染服装小词典/秦世福修编.-修订本.-上海:东华大学出版社,2005 |
| 29,246页;19cm |
| ISBN 7-81038-669-7:CNY20.00 |
| 本词典原收录词条约10000条,修订后又增加了约6500词语,主要涉及棉、毛、丝、蔴、绢、化纤、纺织、丝织、机织、针织、机械、印染、缝纫、裁剪、服装等有关工艺、设备、原料、产品和测试方面的词语。 |
| ● |
| 相关链接 |
|
|
|
|
正题名:新简明汉英纺织染服装小词典
索取号:TS1-61/10=2
 
预约/预借
| 序号 | 登录号 | 条形码 | 馆藏地/架位号 | 状态 | 备注 |
| 1 | 0854034 | 208540346 | 第二样本阅览室/ [索取号:TS1-61/10=2] | 在馆 | |
| 2 | 0854035 | 208540355 | 第三借阅区/ [索取号:TS1-61/10=2] | 在馆 | |
| 3 | 0854036 | 208540364 | 第三借阅区/ [索取号:TS1-61/10=2] | 在馆 | |
| 4 | 0854037 | 208540373 | 第三借阅区/ [索取号:TS1-61/10=2] | 在馆 | |
| 5 | 0854038 | 208540382 | 第三借阅区/ [索取号:TS1-61/10=2] | 在馆 |